000
00275nam a2200109Ia 4500
008
190912s9999||||xx |||||||||||||| ||und||
100
_a
Ali Siddique
245
0
_a
Zikre e Quaid e Azam :Mukahat -o-Mazameen
260
_a
Karachi
_b
McGraw-Hill
_c
1996
300
_a
210
942
_c
BK
999
_c
7392
_d
7392